इतिहास के आईने में (Record no. 31989)

MARC details
000 -LEADER
fixed length control field 00358nam a22001217a 4500
003 - CONTROL NUMBER IDENTIFIER
control field SGT
082 ## - DEWEY DECIMAL CLASSIFICATION NUMBER
Classification number 920
Item number I16P
100 ## - MAIN ENTRY--PERSONAL NAME
Personal name पांडेय, नरेंद्र कुमार
245 ## - TITLE STATEMENT
Title इतिहास के आईने में
260 ## - PUBLICATION, DISTRIBUTION, ETC. (IMPRINT)
Name of publisher, distributor, etc सत्साहित्य प्रकाशन
Year of Publication 2016
300 ## - PAGE DESCRIPTION
No. of Pages 160
942 ## - ADDED ENTRY ELEMENTS (KOHA)
Source of classification or shelving scheme Dewey Decimal Classification
Koha item type Books
Holdings
Withdrawn status Lost status Source of classification or shelving scheme Damaged status Not for loan Home library Current library Shelving location Date acquired SGTU Total Checkouts Full call number Accession No. (Barcode) Date last seen Bill Date Koha item type
    Dewey Decimal Classification   Not For Loan SGT Chancellor's Library SGT Chancellor's Library Reference Book 04/07/2025 SGTU   920 I16P CH4000 04/07/2025 04/07/2025 Books